World Cup Host Countries by Flag - Statistics

General Stats
  • This quiz has been taken 61 times
  • The average score is 18 of 19
Answer Stats
Picture Answer % Correct
Germany / West Germany
100%
Mexico
100%
Sweden
100%
Argentina
98%
Russia
98%
South Africa
98%
Spain
98%
Brazil
95%
Italy
95%
Japan
95%
South Korea
95%
United States
95%
France
93%
Canada
91%
Switzerland
91%
England
90%
Qatar
90%
Chile
88%
Uruguay
86%
No matching quizzes found
Score Distribution
Percent of People with Each Score
Percentile by Number Answered
Your Score History
You have not taken this quiz